000 00813nam a2200229 4500
001 329318
005 19691202000000.0
008 691119s1969 maua b 001 0 eng
010 _a 75079598
040 _aDLC
_cDLC
_dDLC
050 0 0 _aTJ265
_b.W6
082 0 0 _a621.4021
_222
_bWOO
100 1 _aWood, Bernard D.
_97175
245 1 0 _aApplications of Thermodynamics/
_c Bernard D. Wood.
260 _aReading, Mass.,
_bAddison-Wesley Pub. Co.
_c1969
300 _axv, 493 p.:
_bill. ;
_c25 cm.
490 0 _aAddison-Wesley series in mechanics and thermodynamics
504 _aIncludes bibliographies.
650 0 _aThermodynamics.
_97176
942 _2ddc
_cBB
999 _c12097
_d12097